000
00341nam a2200145Ia 4500
008
150201s2012 xx 000 0 und d
082
_a
610.73677
_b
M12W
100
_a
WILLIAM, LINDA S.
245
_a
MEDICAL SURGICAL NURSING
250
_a
4TH
260
_b
JAYPEE
_a
INDIA
_c
2012
300
_a
1060
650
_a
SURGERY
942
_2
ddc
_c
BK
_0
1
999
_c
2265
_d
2265